| 000 | 00557nam a2200169 a 4500 | ||
|---|---|---|---|
| 005 | 20250221114014.0 | ||
| 008 | 010719s2000 mx r 000 0 spa d | ||
| 035 | _aUPN01000109879 | ||
| 049 | _aCG | ||
| 050 | 4 |
_aGE195.7 _bP6.7 |
|
| 245 | 0 | 0 | _aPosición de la PROFEPA ante el estudio preliminar de la visibilidad en el Parque Nacional Big Bend. |
| 260 |
_aMéxico : _bSEMARNAP : _bPROFEPA, _c2000. |
||
| 300 |
_a50 p. : _btablas, gráfs. |
||
| 650 | 2 |
_aResponsabilidad ambiental _920683 |
|
| 650 | 4 |
_aESTUDIOS SOBRE EL MEDIO AMBIENTE _920681 |
|
| 905 | _aLibro | ||
| 999 |
_c83789 _d83789 |
||